Normal view
MARC view
- Lipschutz, Lucía
Entry Nombre Personal
001 - NUMERO DE CONTROL
- campo de control: 51033
003 - IDENTIFICADOR DE NUMERO DE CONTROL
- campo de control: UPN
005 - FECHA Y HORA DE LA ÜLTIMA TRANSACCIÓN
- campo de control: 20240214100919.0
008 - DATOS DE LONGITUD FIJA
- campo de control de longitud fija: 240214|| acn||abbn | aaa d
040 ## - FUENTE DE CATALOGACIÓN
- Agencia original de catalogación: MX-MxUPN
- Lenguaje de catalogación: spa
100 1# - ENCABEZAMIENTO - NOMBRE PERSONAL
- Nombre personal: Lipschutz, Lucía
902 ## - CATALOGADOR
- Catalogador: MaríaRobles/140224
